| 000 | 01050nam2a2200229 4500 | ||
|---|---|---|---|
| 001 | rc\2852037 | ||
| 005 | 20260315050242.0 | ||
| 035 | _a(NLR Aleph) 007006838 | ||
| 090 |
_a13576561 _c13576561 |
||
| 100 | _a20110705d1930 u y0rusy50 ca | ||
| 101 | 0 | _arus | |
| 102 | _aRU | ||
| 105 | _aa z ||||| | ||
| 200 | 1 | _aЯнварь | |
| 210 | _d1930 | ||
| 215 |
_a206, [2] с. _cил. |
||
| 461 | 0 |
_1001rc\2852036 _12001#$aВопросы изучения детства и юношества$e1930 г. Сборник № 1-$vСборник № 1 _95774994 _aРостовский областной научно-исследовательский институт охраны здоровья детей и подростков _cРостов н/Д _d1930-1938 _nкнигоизд-во "Северный Кавказ" _o1930 г. Сборник № 1- _tВопросы изучения детства и юношества _vСборник № 1 |
|
| 801 | 0 |
_aRU _bNLR _gpsbo |
|
| 801 | 1 |
_aRU _bELAR _2rusmarc |
|
| 852 |
_aNLR _j31-17/269 |
||
| 942 | _cUNSPEC | ||
| 980 | _aNB | ||